| 000 | 00974cab a2200253 4500 | ||
|---|---|---|---|
| 001 | X86775 | ||
| 008 | 090401t1997 xxu||||| |||| 00| 0 eng d | ||
| 035 | _a(Sirsi) u81169 | ||
| 041 | _aeng | ||
| 100 | _aBingham, T. | ||
| 245 | _aDisputing contract terms | ||
| 260 | _c1997 | ||
| 350 | _a0 | ||
| 490 |
_aBuilding _v262(8007) 19 September 1997, 39(1) |
||
| 520 | _aUses "Kelsey Housing Association v Ruddy Developments" to highlight the problems caused by the rules of JCT contracts as to which disputes may be arbitrated before practical completion or abandonment of the works. | ||
| 650 | _aARBITRATION CLAUSES | ||
| 650 | _aARBITRATORS | ||
| 650 | _aBUILT ENVIRONMENT-BUILDING CONTRACT FORMS-STANDARD FORMS OF BUILDING CONTRACT-JOINT CONTRACTS TRIBNUAL CONTRACTS | ||
| 650 | _aKELSEY HOUSING ASSOCIATION V RUDDY DEVELOPMENTS | ||
| 650 | _aPRACTICAL COMPLETION | ||
| 690 | _aBUILT ENVIRONMENT-BUILDING CONTRACT FORMS | ||
| 942 | _n0 | ||
| 948 | _c30/09/1997 | ||
| 999 |
_c51156 _d51156 |
||